<?xml version="1.0" encoding="UTF-8"?>
<marc:record xmlns:marc="http://www.loc.gov/MARC21/slim">
   <marc:leader>00000nam a2200000 a 4500</marc:leader>
   <marc:datafield ind1="0" ind2="0" tag="245">
      <marc:subfield code="a">Roller Girl</marc:subfield>
   </marc:datafield>
   <marc:datafield ind1="0" ind2="0" tag="245">
      <marc:subfield code="b">Manchmal ist die schiefe Bahn der richtige Weg</marc:subfield>
   </marc:datafield>
   <marc:datafield ind1=" " ind2="1" tag="264">
      <marc:subfield code="b">Senator Home Entertainment GmbH</marc:subfield>
      <marc:subfield code="c">2012</marc:subfield>
   </marc:datafield>
   <marc:datafield ind1="1" ind2=" " tag="520">
      <marc:subfield code="a">Bliss (Ellen Page) ist siebzehn Jahre alt und hat die Nase voll vom texanischen Provinznest, in dem sie lebt: nichts als Tüllkleider, Hochsteckfrisuren und öde Schönheitswettbewerbe. Eines Abends fährt sie heimlich nach Austin, um sich ein Rollerderby anzuschauen. Sie ist sofort Feuer und Flamme für den ruppigen Underground-Sport und die punkigen Rollschuh-Mädchen in Netzstrümpfen und Minirock. Ohne das Wissen ihrer Eltern wird sie schon bald in das Team aufgenommen und erweist sich als echtes Naturtalent. Aus dem planlosen Provinz-Girl wird der Derby-Star "Babe Ruthless". Doch Bliss hat nicht viel Zeit ihren neu erlangten Ruhm zu genießen: Neben Stress mit ihrer schockierten Mutter und ihrer enttäuschten besten Freundin, erlebt Bliss auch die Irrungen und Wirkungen der ersten Liebe mit dem süßen Musiker Oliver...</marc:subfield>
   </marc:datafield>
   <marc:datafield ind1=" " ind2=" " tag="020">
      <marc:subfield code="a">887254564898</marc:subfield>
      <marc:subfield code="9">887254564898</marc:subfield>
   </marc:datafield>
   <marc:datafield ind1="0" ind2=" " tag="490">
      <marc:subfield code="v">0</marc:subfield>
   </marc:datafield>
   <marc:datafield ind1=" " ind2=" " tag="300">
      <marc:subfield code="a">ca. 106 Min. 1 CD + 1 Beilage</marc:subfield>
   </marc:datafield>
</marc:record>
